Normal view MARC view
  • Butler, Judith,

Entry Nombre Personal

Number of records used in: 6

001 - NUMERO DE CONTROL

  • campo de control: 32052

003 - IDENTIFICADOR DE NUMERO DE CONTROL

  • campo de control: DLC

005 - FECHA Y HORA DE LA ÜLTIMA TRANSACCIÓN

  • campo de control: 20230303155034.0

008 - DATOS DE LONGITUD FIJA

  • campo de control de longitud fija: 990512n| azannaabn a aaa

010 ## - NÚMERO DE CONTROL DE LA BIBLIOTECA DEL CONGRESO

  • Número de control LC: n 99035460
  • Número de Control LC Cancelado/inválido: n 85347487
  • Número de Control LC Cancelado/inválido: n 2001101214

035 ## - NUMERO DE CONTROL

  • Número de control: (OCoLC)oca04985092

040 ## - FUENTE DE CATALOGACIÓN

  • Agencia original de catalogación: DLC
  • Lenguaje de catalogación: spa
  • Description conventions: rda
  • Agencia de transcripción: DLC
  • Agencia que lo modifica: NjP
  • Agencia que lo modifica: DLC
  • Agencia que lo modifica: CSt
  • Agencia que lo modifica: DLC
  • Agencia que lo modifica: ScU
  • Agencia que lo modifica: MX-MxUPN

046 ## - FECHAS CON CODIFICACIÓN ESPECIAL

  • Fecha de nacimiento: 1956-02-24
  • Fuente del formato de fecha: edtf

100 1# - ENCABEZAMIENTO - NOMBRE PERSONAL

  • Nombre personal: Butler, Judith,
  • Fechas asociadas con el nombre: 1956-

372 ## - CAMPO DE ACTIVIDAD

  • Field of activity: Teoría feminista
  • Field of activity: Literatura--Filosofía
  • Field of activity: Feminismo
  • Field of activity: Sexo

373 ## - GRUPO ASOCIADO

  • Associated group: Bennington College
  • Associated group: Heidelberg College
  • Associated group: Wesleyan University (Middletown, Conn.)
  • Associated group: George Washington University
  • Associated group: Johns Hopkins University
  • Fuente del término: naf

373 ## - GRUPO ASOCIADO

  • Associated group: Yale University
  • Fuente del término: naf
  • End period: 1984

373 ## - GRUPO ASOCIADO

  • Associated group: University of California, Berkeley
  • Fuente del término: naf
  • Start period: 1993

373 ## - GRUPO ASOCIADO

  • Associated group: Universiteit van Amsterdam
  • Fuente del término: naf
  • Start period: 2002
  • End period: 2002

373 ## - GRUPO ASOCIADO

  • Associated group: Columbia University
  • Fuente del término: naf
  • Start period: 2012
  • End period: 2014

374 ## - OCUPACIÓN

  • Occupation: Profesora universitaria

377 ## - LENGUA ASOCIADA

  • Language code: eng

400 1# - VEÁSE - NOMBRE DE PERSONA

  • Personal name: Butler, Judith P.,
  • Dates associated with a name: 1956-

670 ## - FUENTE EN LA QUE SE LOCALIZARON DATOS

  • Cita de la fuente: Das Undarstellbare der Politik, c1998:
  • Información localizada: portada (Judith Butler)

670 ## - FUENTE EN LA QUE SE LOCALIZARON DATOS

  • Cita de la fuente: Subjects of desire, 1987:
  • Información localizada: portada (Judith P. Butler)

670 ## - FUENTE EN LA QUE SE LOCALIZARON DATOS

  • Cita de la fuente: Gender trouble, 1989:
  • Información localizada: portada (Judith Butler) solapa (b. 2/24/1956; prof., Geo. Wash. Univ.)

670 ## - FUENTE EN LA QUE SE LOCALIZARON DATOS

  • Cita de la fuente: UC Berkeley WWW site, Oct. 11, 2000
  • Información localizada: (Judith Butler; email: jpbutler; has written on lit. theory, philosophical fiction; feminism and sexuality; Hegel, Foucault, etc.)

670 ## - FUENTE EN LA QUE SE LOCALIZARON DATOS

  • Cita de la fuente: RLIN database, Oct. 12, 2000
  • Información localizada: (over 80% of publications have usage: Judith Butler)

670 ## - FUENTE EN LA QUE SE LOCALIZARON DATOS

  • Cita de la fuente: Butler, Judith P. Contingency, hegemony, universality, 2000:
  • Información localizada: portada (Judith Butler) contracubierta (Maxine Elliot prof. of rhetoric and comparative literature, Univ. of Calif. ; authored several books)

670 ## - FUENTE EN LA QUE SE LOCALIZARON DATOS

  • Cita de la fuente: U.S. Copyright database, Sept. 17, 2001
  • Información localizada: (hdg.: Butler, Judith Pamela, 1956- ; author of: Subjects of desire)

670 ## - FUENTE EN LA QUE SE LOCALIZARON DATOS

  • Cita de la fuente: Wikipedia, June 26, 2018:
  • Información localizada: (Judith Butler ,(Cleveland, 24 de febrero de 1956);es una filósofa materialista y posestructuralista​ que ha realizado importantes aportes en el campo del feminismo, la filosofía política y la ética, y ha sido una de las teóricas fundacionales de la teoría queer; considerada «una de las voces más influyentes en la teoría política contemporánea» y la teórica de género más leída e influyente del mundo; ejerce desde 1993 en la Universidad de California en Berkeley y pertenece al Departamento de Estudios Psicosociales del Birbeck College y a la European Graduate School, entre otros)

670 ## - FUENTE EN LA QUE SE LOCALIZARON DATOS

  • Cita de la fuente: Deshacer el género, 2021:
  • Información localizada: portada (Judith Butler)

902 ## - CATALOGADOR

  • Catalogador: Víctor Ruiz&/030323